| 000 | 01182nam2a22002171 4500 | ||
|---|---|---|---|
| 001 | rc\116160 | ||
| 005 | 20250620194737.0 | ||
| 035 | _a(NLR Aleph) 005394780 | ||
| 090 |
_a7217756 _c7217756 |
||
| 100 | _a20021216d1995 |||y0rusy50 ca | ||
| 101 | 0 | _arus | |
| 102 | _aRU | ||
| 105 | _ay ||||||||| | ||
| 200 | 0 | _aЧ. 3 | |
| 215 | _a138,[1] с. | ||
| 461 | 0 |
_1001rc\116157 _12001#$aТеория функций и приближений$eТр. 7-й сарат. зим. шк. (памяти проф. А.А. Привалова), 30 янв. - 4 февр. 1994 г.$eМежвуз. сб. науч. тр.$e[В 3 ч.$fРедкол.: С.М. Никольский (гл. ред.) и др.]$vЧ. 3 _97217729 _cСаратов _d1995 _fРедкол.: С.М. Никольский (гл. ред.) и др.] _nИзд-во Сарат. ун-та _oТр. 7-й сарат. зим. шк. (памяти проф. А.А. Привалова), 30 янв. - 4 февр. 1994 г. : Межвуз. сб. науч. тр. : [В 3 ч. _tТеория функций и приближений _y5292018589 _vЧ. 3 |
|
| 801 | 0 |
_aRU _bNLR _gpsbo |
|
| 801 | 1 |
_aRU _bELAR _2rusmarc |
|
| 852 |
_aNLR _j96-3/3677 |
||
| 942 | _cBOOK | ||
| 980 | _aNB | ||